Cuba en 1830 (Registro nro. 112004)
[ vista simple ]
| 000 -LEADER | |
|---|---|
| campo de control de longitud fija | 00669nam a2200181 4500 |
| 001 - NÚMERO DE CONTROL | |
| campo de control | 112004 |
| 003 - IDENTIFICADOR DE NÚMERO DE CONTROL | |
| campo de control | ES-MaACL |
| 005 - FECHA Y HORA DE LA ÚLTIMA TRANSACCIÓN | |
| campo de control | 20230906185412.0 |
| 007 - CAMPO FIJO DE DESCRIPCIÓN FÍSICA--INFORMACIÓN GENERAL | |
| campo de control de longitud fija | t| |
| 008 - DATOS DE LONGITUD FIJA--INFORMACIÓN GENERAL | |
| campo de control de longitud fija | 061121s1973 xxu r ||||1| spa d |
| 100 1# - ENTRADA PRINCIPAL--NOMBRE DE PERSONA | |
| Nombre de persona | Ney, Eugéne. |
| 9 (RLIN) | 85515 |
| 245 10 - MENCIÓN DEL TÍTULO | |
| Título | Cuba en 1830 |
| Resto del título | : diario de viaje de un hijo del mariscal Ney / |
| Mención de responsabilidad, etc. | Eugéne Ney; introducción, notas y bibliografía por Jorge J. Beato Núñez; traducción del francés por Miguel F. Garrido. |
| 260 ## - PUBLICACIÓN, DISTRIBUCIÓN, ETC. | |
| Lugar de publicación, distribución, etc. | Miami (Florida) : |
| Nombre del editor, distribuidor, etc. | Universal, |
| Fecha de publicación, distribución, etc. | 1973. |
| 300 ## - DESCRIPCIÓN FÍSICA | |
| Extensión | 87 p., 16 lám. ; |
| Dimensiones | 24 cm. |
| 700 1# - ENTRADA AGREGADA--NOMBRE PERSONAL | |
| Nombre de persona | Beato Núñez, Jorge J. |
| 9 (RLIN) | 26792 |
| 700 1# - ENTRADA AGREGADA--NOMBRE PERSONAL | |
| Nombre de persona | Garrido, Miguel F. |
| 9 (RLIN) | 55683 |
| 852 ## - LOCALIZACIÓN | |
| Ubicación | ES-MaACL |
| Número de control de estantería | C-52325 |
| Sublocalización o colección | R.85885 |
| Estatus retirado | Estado de pérdida | Estado de daño | No para préstamo | Biblioteca de origen | Biblioteca actual | Ubicación en estantería | Fecha de adquisición | Fuente de adquisición | Total de préstamos | Signatura topográfica completa | Código de barras | Visto por última vez | Precio de reemplazo | Tipo de ítem Koha |
|---|---|---|---|---|---|---|---|---|---|---|---|---|---|---|
| Biblioteca del Ateneo de Madrid | Biblioteca del Ateneo de Madrid | Depósito 2 | 17/01/2008 | C-52325 | 1116832 | 23/02/2023 | 23/02/2023 | Libro impreso |
